书目信息 |
| 题名: |
少年维特之烦恼
|
|
| 作者: | 歌德 著 | |
| 分册: | ||
| 出版信息: | 北京 北京燕山出版社 2000.02 |
|
| 页数: | 322页 | |
| 开本: | 32开 | |
| 丛书名: | 世界文学文库 | |
| 单 册: | ||
| 中图分类: | I516.44 | |
| 科图分类: | ||
| 主题词: | 文学 | |
| 电子资源: | ||
| ISBN: | 7-5402-1237-3 | |
| 000 | 00610nam0 2200217 45 | |
| 001 | 0206271594 | |
| 005 | 20020627151632.1 | |
| 010 | @a7-5402-1237-3@d12.00元 | |
| 100 | @a20020627d2000 km y0chiy0120 ea | |
| 101 | 0 | @achi |
| 105 | @a z 000yy | |
| 200 | 1 | @a少年维特之烦恼@AShao Nian Wei Te Zhi Fan Nao@f(德)歌德著@F高中甫,胡其鼎译 |
| 210 | @a北京@c北京燕山出版社@d2000.02 | |
| 215 | @a322页@d32开 | |
| 225 | @a世界文学文库 | |
| 410 | @12001 @a世界文学文库 | |
| 606 | 0 | @a文学 |
| 690 | @aI516.44@v3 | |
| 701 | 0 | @a歌德@4著 |
| 801 | @aCN@bPftUser@c20020627 | |
| 905 | @aBZT@b341721-723@dI516.44@e1@f3 | |
| 少年维特之烦恼/(德)歌德著.-北京:北京燕山出版社,2000.02 |
| 322页;32开.-(世界文学文库) |
| ISBN 7-5402-1237-3:12.00元 |
| ● |
| 相关链接 |
|
|
|
正题名:少年维特之烦恼
索取号:I516.44/1
 
预约/预借
| 序号 | 登录号 | 条形码 | 馆藏地/架位号 | 状态 | 备注 |
| 1 | 341721 | 201400126 | 中心书库中库/打包BH0257/ [索取号:I516.44/1] | 在馆 | |
| 2 | 341722 | 201400144 | 中心书库中库/打包BH0257/ [索取号:I516.44/1] | 在馆 |